[Event "TCh-Euro Open Girls"]
[Site "Iasi ROU"]
[Date "2011.07.21"]
[Round "7.2"]
[White "Varga,Me"]
[Black "Vidic,Teja"]
[Result "1-0"]
[WhiteElo "2152"]
[BlackElo "1797"]

1.Nf3 d5 2.g3 Nf6 3.Bg2 c6 4.c4 Bg4 5.Ne5 Bh5 6.cxd5 cxd5 7.Qa4+ Nbd7 8.Nc3 e6
9.g4 Bg6 10.h4 h5 11.Nxg6 fxg6 12.g5 Ng4 13.Qc2 Kf7 14.d4 Bd6 15.Rh3 Qe8
16.Bd2 Rf8 17.Nb5 Bb8 18.Bb4 Rh8 19.Qb3 Nb6 20.Rf3+ Kg8 21.Rf8+ Qxf8 22.Bxf8 Kxf8
23.e4 a6 24.Nc3 Nc4 25.Qxb7  1-0

[Event "8th World Teams"]
[Site "Ningbo CHN"]
[Date "2011.07.21"]
[Round "5"]
[White "Radjabov,T"]
[Black "Ivanchuk,V"]
[Result "1/2-1/2"]
[WhiteElo "2744"]
[BlackElo "2768"]

1.Nf3 d5 2.g3 c6 3.Bg2 Bg4 4.c4 e6 5.O-O Nd7 6.cxd5 exd5 7.d3 Bd6 8.h3 Bh5
9.Nc3 Ngf6 10.e4 O-O 11.exd5 cxd5 12.g4 Bg6 13.Nh4 Nc5 14.Nxg6 hxg6 15.d4 Ne6
16.Be3 Nf4 17.Qb3 Rb8 18.Rad1 b5 19.Bxf4 Bxf4 20.Rfe1 Rb6 21.Nxd5 Nxd5 22.Qxd5 Qxd5
23.Bxd5 Rd8 24.Bb3 Kf8 25.Re4 g5 26.Rde1 Rb7 27.h4 g6 28.Kg2 a5 29.Rh1 a4
30.hxg5 Bxg5 31.Rh8+ Kg7 32.Rxd8 Bxd8 33.Bd1 Rd7 34.Be2 Bf6 35.Bxb5 Rxd4
36.Kf3 Rxe4 37.Kxe4 Bxb2 38.Bxa4 Kf6 39.Bb3 Ba3 40.f4 Ke7 41.f5 gxf5+ 42.Kxf5 f6
43.g5  1/2-1/2

[Event "4th Paleohora Open"]
[Site "Paleochora GRE"]
[Date "2011.07.21"]
[Round "3"]
[White "Kharitonov,Alexandr"]
[Black "Panagiotopoulos,A"]
[Result "1-0"]
[WhiteElo "2539"]
[BlackElo "2218"]

1.Nf3 d5 2.g3 Nf6 3.Bg2 c5 4.O-O Nc6 5.d4 e6 6.c4 dxc4 7.Qa4 Bd7 8.Qxc4 b5
9.Qd3 Rc8 10.dxc5 Bxc5 11.Nc3 a6 12.Bg5 Be7 13.Rfd1 h6 14.Bxf6 Bxf6 15.Ne4 Be7
16.Rac1 f5 17.Nd6+ Bxd6 18.Qxd6 Qe7 19.Nh4 Qxd6 20.Rxd6 Ne5 21.Rcd1 g5 22.Nf3 Nxf3+
23.Bxf3 Rc7 24.Rxd7 Rxd7 25.Bc6 Rh7 26.Rd6 Kd8 27.Bxd7 Rxd7 28.Rxe6 Rd2 29.Rxa6 Rxe2
30.b3 h5 31.Ra5 f4 32.gxf4 gxf4 33.Kg2 Ke7 34.Kf3 Rc2 35.Rxb5 Rxa2 36.Rxh5 Rb2
37.Rb5 Kf6 38.h4 Kg6 39.h5+ Kh6 40.b4  1-0

[Event "Czech Open G Rapid"]
[Site "Pardubice CZE"]
[Date "2011.07.21"]
[Round "4.8"]
[White "Rausis,I"]
[Black "Gorovets,A"]
[Result "1/2-1/2"]
[WhiteElo "2510"]
[BlackElo "2417"]

1.Nf3 d5 2.g3 c6 3.Bg2 Nf6 4.O-O Bg4 5.d4 e6 6.Nbd2 Be7 7.Re1 O-O 8.e4 Bh5
9.c3 Bg6 10.Ne5 Bxe4 11.Nxe4 Nxe4 12.Bxe4 dxe4 13.Rxe4 Nd7 14.Qb3 Nxe5 15.Rxe5 Bd6
16.Re4 Qb6 17.Bf4 Qxb3 18.axb3 Bxf4 19.Rxf4 a6 20.Re4 Rfd8 21.Re5 Rd5 22.f4 Rad8
23.b4 Kf8 24.Kf2 Ke7 25.Rae1 h5 26.Kf3 g6 27.h3 Kf6 28.Rh1 Rh8 29.Ke4 Ke7
30.Kd3 Kf6 31.Kc4 Ke7 32.Rxd5 cxd5+ 33.Kc5 Kd7 34.Kb6 Kc8 35.b5 Rd8 36.Ra1 Rd6+
37.Kc5 Kc7 38.Kb4 Rb6 39.Ra5 f6 40.b3 axb5 41.Ra8 e5 42.fxe5 fxe5 43.dxe5 Re6
44.Rf8 Rxe5 45.Rf7+ Kb8 46.Rf3 Kc7 47.Kc5 b6+ 48.Kb4 Rf5 49.Re3 Kd6 50.h4 g5
51.Re8 gxh4 52.gxh4 Kc6 53.Re6+ Kb7 54.Re8 Ka6 55.Ra8+ Kb7 56.Rh8 Ka6 57.Ka3 Re5
58.Rh7 Rf5 59.Rh8 Re5 60.Rh7 Rf5 61.b4 Rf3 62.Kb2 Rf2+ 63.Kb3 Rf3 64.Kc2 d4
65.cxd4 Rc3+  1/2-1/2

[Event "20th ch-MKD Open"]
[Site "Struga MKD"]
[Date "2011.07.21"]
[Round "6"]
[White "Vladimirov,V MKD"]
[Black "Petrov,G MKD"]
[Result "1-0"]
[WhiteElo "2162"]
[BlackElo "2266"]

1.g3 d5 2.Nf3 c6 3.Bg2 Bf5 4.O-O e6 5.d3 Nf6 6.Nbd2 Bc5 7.b3 O-O 8.Bb2 Nbd7
9.Ne5 Nxe5 10.Bxe5 Re8 11.e4 Bg6 12.Qe2 h6 13.Rad1 Nd7 14.Bb2 a5 15.a3 Qb6
16.Nf3 Bh5 17.h3 Bxf3 18.Bxf3 Bd4 19.Bxd4 Qxd4 20.Qd2 Ne5 21.Bg2 a4 22.b4 dxe4
23.Bxe4 Red8 24.Rfe1 Qb2 25.Qc1 Qc3 26.Qa1 Qxa1 27.Rxa1 f6 28.Rab1 Rac8 29.f4 Nd7
30.Re2 b6 31.d4 b5 32.Bd3 Nb6 33.Rxe6 Rxd4 34.Rbe1 Nd5 35.Bg6 Nc7 36.Rxc6 Rc4
37.Rd6 Rc3 38.Kf2 Kf8 39.Rd7 Rc6 40.Ree7 Ne8 41.Bh7 Rxc2+ 42.Kf3 R2c3+ 43.Kg4 f5+
44.Kxf5 Nf6 45.Rf7+ Ke8 46.Rde7+ Kd8 47.Rxg7 R8c6 48.Rb7 Ne8 49.Rg8 Kc8 50.Re7 Rf6+
51.Kg4  1-0

[Event "ch-PHI"]
[Site "Manila PHI"]
[Date "2011.07.22"]
[Round "12"]
[White "Ranola,Y"]
[Black "Paragua,M"]
[Result "1-0"]
[WhiteElo "2377"]
[BlackElo "2545"]

1.Nf3 d5 2.g3 Nf6 3.Bg2 c6 4.O-O Bf5 5.d3 e6 6.Nbd2 h6 7.Qe1 Be7 8.e4 Bh7
9.Qe2 O-O 10.Ne5 Nbd7 11.Nxd7 Nxd7 12.f4 a5 13.a4 Nc5 14.Kh1 Re8 15.g4 Qb6
16.b3 Na6 17.Bb2 Nb4 18.Nf3 Qa6 19.Rae1 dxe4 20.dxe4 Qxe2 21.Rxe2 b5 22.f5 Bc5
23.Ne5 exf5 24.gxf5 f6 25.Nd7 Ba7 26.axb5 cxb5 27.e5 Rac8 28.Be4 fxe5 29.f6 Bxe4+
30.Rxe4  1-0

[Event "Czech GM Open A"]
[Site "Pardubice CZE"]
[Date "2011.07.22"]
[Round "1.10"]
[White "Yuffa,D"]
[Black "Sengupta,D"]
[Result "1-0"]
[WhiteElo "2302"]
[BlackElo "2563"]

1.Nf3 d5 2.g3 c6 3.Bg2 Nf6 4.O-O e6 5.d3 Be7 6.Nbd2 O-O 7.e4 b6 8.Re1 Bb7
9.e5 Nfd7 10.h4 c5 11.h5 h6 12.Nf1 Nc6 13.N1h2 Qe8 14.Qe2 Kh8 15.c3 f5 16.exf6 Nxf6
17.Ne5 Nxe5 18.Qxe5 Bc8 19.Bf3 Qf7 20.Bf4 Nh7 21.Qc7 Nf6 22.Ng4 Nxg4 23.Bxg4 e5
24.Rxe5 Bxg4 25.Rxe7 Qf6 26.Rae1 Rac8 27.Qxa7 Ra8 28.Qc7 Bxh5 29.R1e6 Qf5
30.Rxg7 Bf7 31.Be5  1-0

[Event "Poznan Summer Open"]
[Site "Poznan POL"]
[Date "2011.07.22"]
[Round "7.11"]
[White "Kozlowski,To1"]
[Black "Simon,Mare"]
[Result "1-0"]
[WhiteElo "1958"]
[BlackElo "1819"]

1.Nf3 d5 2.g3 c5 3.Bg2 Nc6 4.d4 e6 5.O-O Nf6 6.b3 cxd4 7.Nxd4 Bc5 8.Bb2 O-O
9.Nxc6 bxc6 10.Nd2 a5 11.e4 Qe7 12.c4 Ba6 13.Qc2 Rac8 14.h3 Rfd8 15.Kh2 Ba7
16.e5 Nd7 17.Rfd1 a4 18.f4 Nb6 19.Nf3 a3 20.Bd4 c5 21.Bf2 dxc4 22.Ng5 g6
23.Ne4 Rxd1 24.Rxd1 cxb3 25.axb3 Rc6 26.Rd6 c4 27.Bxb6 cxb3 28.Qxb3 Bxb6
29.Qxa3  1-0

[Event "20th ch-MKD Open"]
[Site "Struga MKD"]
[Date "2011.07.22"]
[Round "7"]
[White "Pancevski,F"]
[Black "Menkinoski,R"]
[Result "1-0"]
[WhiteElo "2410"]
[BlackElo "2345"]

1.g3 d5 2.Nf3 Nf6 3.Bg2 g6 4.O-O Bg7 5.d3 O-O 6.Nbd2 Nc6 7.e4 dxe4 8.dxe4 Nd4
9.Nxd4 Qxd4 10.c3 Qd3 11.Nb3 Qxd1 12.Rxd1 e5 13.f3 b6 14.Bf1 Be6 15.Bg5 h6
16.Be3 Rfd8 17.Nd2 Kf8 18.Ba6 Ke7 19.a4 Bc8 20.Bb5 Bd7 21.Nc4 Ne8 22.Bxd7 Rxd7
23.Rxd7+ Kxd7 24.Rd1+ Ke6 25.g4 Bf8 26.Kf2 Nf6 27.Ke2 h5 28.h3 Be7 29.Bf2 hxg4
30.hxg4 Rh8 31.Bg3 Nd7 32.Rd5 f6 33.Rd1 Bc5 34.b4 Rh3 35.Be1 Rh2+ 36.Kf1 Bf8
37.Bf2 Bh6 38.Kg1 Bf4 39.Na3 a6 40.a5 bxa5 41.b5 axb5 42.Nxb5 c6 43.Rd6+ Ke7
44.Rxc6 Rh3 45.Nc7 Rxf3 46.Nd5+ Ke8 47.Re6+ Kd8 48.Ra6 Ke8 49.Rxa5 Rd3 50.c4 Rd1+
51.Kg2 Rc1 52.c5 Kf7 53.Ra7 Ke6 54.Ra6+ Kf7 55.c6 Nf8 56.Ra7+ Ke6 57.c7  1-0

[Event "Czech GM Open A"]
[Site "Pardubice CZE"]
[Date "2011.07.23"]
[Round "2.101"]
[White "Aliev,Ras"]
[Black "Tuma,Ji"]
[Result "1-0"]
[WhiteElo "2211"]
[BlackElo "2304"]

1.Nf3 d5 2.g3 g6 3.Bg2 Bg7 4.O-O e5 5.d3 Ne7 6.c3 O-O 7.Nbd2 Nbc6 8.e4 a5
9.Re1 h6 10.Nf1 Be6 11.Be3 Qd7 12.Bc5 Rfe8 13.Qa4 Rad8 14.Rad1 Bg4 15.Bxe7 Rxe7
16.exd5 Bxf3 17.dxc6 Bxd1 18.Rxd1 bxc6 19.Qxa5 e4 20.d4 Ree8 21.a3 Bf8 22.Qa6 c5
23.Ne3 Qe6 24.Qxe6 Rxe6 25.d5 Ree8 26.Bf1 Rb8 27.Rd2 f5 28.a4 Ra8 29.Bb5 Reb8
30.Nc4 Bd6 31.Bc6 Ra7 32.Kg2 Rf8 33.Re2 Rf7 34.Re1 Kf8 35.Ra1 Ke7 36.a5 Rf8
37.f3 exf3+ 38.Kxf3 Rf6 39.a6 Rf8 40.Bb7 c6 41.Na5 Bb8 42.Nxc6+ Kd6 43.Re1 Rxb7
44.axb7 Kxd5 45.Nxb8 Rxb8 46.Re7 Kc4 47.Kf4 Kb3 48.Ke5 c4 49.Rc7 Kc2 50.Kf6 Kxb2
51.Rxc4 Rxb7 52.Rb4+  1-0

[Event "16th Balaguer Open"]
[Site "Balaguer ESP"]
[Date "2011.07.24"]
[Round "8"]
[White "Fandino Reyes,R"]
[Black "Ivanov Markov,R"]
[Result "1-0"]
[WhiteElo "2145"]
[BlackElo "1715"]

1.Nf3 d5 2.g3 Nc6 3.Bg2 e5 4.d3 Bc5 5.O-O Nge7 6.c3 Bb6 7.b4 a6 8.a3 O-O
9.Nbd2 Ng6 10.Rb1 Nce7 11.Qc2 c6 12.e4 Be6 13.Ng5 Bd7 14.h4 h6 15.Ngf3 Bc7
16.c4 d4 17.c5 Qc8 18.Kh2 f5 19.Nc4 Qb8 20.Qe2 fxe4 21.dxe4 Bg4 22.Rb3 Rf6
23.Bh3 Bxh3 24.Kxh3 Qc8+ 25.Kh2 Qg4 26.Nxd4 Qxe2 27.Nxe2 Rd8 28.Be3 Nf8 29.Rbb1 Ne6
30.Rbd1 Rdf8 31.Rd7 R8f7 32.Kg1 Kf8 33.Rd2 g5 34.h5 Ke8 35.Rfd1  1-0

[Event "Sparkassen Open A"]
[Site "Dortmund GER"]
[Date "2011.07.24"]
[Round "2.20"]
[White "Mundorf,J"]
[Black "Boehm,Ju2"]
[Result "1-0"]
[WhiteElo "2024"]
[BlackElo "2220"]

1.Nf3 d5 2.g3 Nf6 3.Bg2 Bf5 4.c4 e6 5.O-O c6 6.cxd5 exd5 7.d3 Be7 8.Nd4 Bg6
9.Nc3 Bc5 10.Nf3 h6 11.Qb3 Qb6 12.Qc2 Nbd7 13.Na4 Qa5 14.Nxc5 Qxc5 15.Qxc5 Nxc5
16.Bd2 Nfd7 17.b4 Ne6 18.h3 a6 19.a4 f6 20.Bc3 O-O 21.Nd4 Nxd4 22.Bxd4 Rfe8
23.Ra2 Bf7 24.Rc1 Be6 25.f4 Kf7 26.Rb2 Ke7 27.Bc5+ Nxc5 28.bxc5 Rab8 29.Rcb1 Bc8
30.e4 dxe4 31.Bxe4 Kd7 32.Rb6 Kc7 33.Bxc6 Re3 34.Be4 Rxg3+ 35.Kf2 Rxh3 36.c6 f5
37.Bf3 g5 38.cxb7 Rxf3+ 39.Kxf3 Rxb7 40.a5 Rxb6 41.Rxb6 Bb7+ 42.Kg3 Bc6 43.Rxa6 Bb5
44.Rxh6 gxf4+ 45.Kxf4 Bxd3 46.Ke5 Kb7 47.Rf6 Ka7 48.Kd4 Be4 49.Kc5 Bd3 50.Rd6 Be2
51.Rf6 Bd3 52.Kb4 Kb7 53.Kc3 Be2 54.Rxf5 Ka6 55.Kb4 Bd3 56.Rf6+ Ka7 57.Rb6 Be2
58.Kc5 Bf1 59.Kd6 Be2 60.Kc7 Bd3 61.a6 Be2 62.Rb2 Bd3 63.Rd2 Bb5 64.Rf2 Bd3
65.Rf3 Be2 66.Re3 Bf1 67.Re1 Bd3  1-0

[Event "Sparkassen Open A"]
[Site "Dortmund GER"]
[Date "2011.07.24"]
[Round "2.1"]
[White "Neuer,T"]
[Black "Zaitsev,Mikhail1"]
[Result "0-1"]
[WhiteElo "2096"]
[BlackElo "2499"]

1.Nf3 d5 2.g3 c6 3.Bg2 Nf6 4.c4 dxc4 5.Qc2 Qd5 6.Na3 Be6 7.O-O Nbd7 8.Ne1 Qc5
9.d3 cxd3 10.Qxd3 Ne5 11.Qb1 Qb4 12.Bf4 Ng6 13.Nd3 Qa5 14.Be3 Bd5 15.f3 e5
16.Nc2 Be7 17.b4 Qc7 18.Bf2 O-O 19.e4 Bc4 20.Rd1 Rfd8 21.Bf1 b6 22.Ne3 Be6
23.Qb2 Bf8 24.Rac1 Rac8 25.Rc3 Ne8 26.Rdc1 Qd7 27.Qc2 f6 28.a3 Ne7 29.Bg2 Nd6
30.a4 Qe8 31.Bf1 Nf7 32.Bg2 g6 33.Kf1 Bh6 34.Kg1 Rd4 35.Ra1 Rcd8 36.Ng4 Bxg4
37.fxg4 R4d6 38.a5 Qd7 39.Bf1 Rb8 40.axb6 axb6 41.h3 Ng5 42.Bg2 Ne6 43.Rca3 Rb7
44.Bf1 Kg7 45.Ra6 Nd4 46.Qc4 Nf3+ 47.Kg2 Nd2 48.Qc3 Nxe4 49.Qe1 Nxf2 50.Qxf2 Rxd3
51.Bxd3 Qxd3 52.Ra7 Qd7 53.Ra8 Nd5 54.g5 Bxg5 55.h4 Be3 56.Qa2 b5 57.Qa5 Nc7
58.Ra7 Rxa7  0-1

[Event "ch-AUT"]
[Site "Linz AUT"]
[Date "2011.07.24"]
[Round "2"]
[White "Doppelhammer,H"]
[Black "Niederwieser,P"]
[Result "1/2-1/2"]
[WhiteElo "2067"]
[BlackElo "2188"]

1.Nf3 d5 2.g3 Nf6 3.Bg2 c6 4.O-O Bg4 5.d4 e6 6.Nbd2 Nbd7 7.Re1 Be7 8.e4 dxe4
9.Nxe4 Nxe4 10.Rxe4 Nf6 11.Re1 O-O 12.c3 Qb6 13.h3 Bh5 14.Qb3 Qxb3 15.axb3 Bg6
16.Ne5 Bc2 17.b4 a6 18.Bg5 Rfd8 19.Nc4 Nd5 20.Bxe7 Nxe7 21.Na5 Rab8 22.Re2 Bd3
23.Rd2 Bg6 24.f4 h6 25.Kf2 Nd5 26.Bf3 Kf8 27.Bxd5 exd5 28.Nb3 Rbc8 29.Nc5 Rc7
30.g4 Re8 31.f5 Bh7 32.Re1  1/2-1/2

[Event "Czech GM Open A"]
[Site "Pardubice CZE"]
[Date "2011.07.24"]
[Round "3.71"]
[White "Aliev,Ras"]
[Black "Alvarez Fernandez,E"]
[Result "1-0"]
[WhiteElo "2211"]
[BlackElo "2377"]

1.Nf3 d5 2.g3 Nf6 3.Bg2 Bf5 4.d3 e6 5.O-O h6 6.Nbd2 Be7 7.b3 O-O 8.Bb2 Nbd7
9.Ne5 Bh7 10.e4 c6 11.Qe2 Nxe5 12.Bxe5 Nd7 13.Bb2 Bf6 14.e5 Be7 15.f4 b5
16.g4 a5 17.f5 a4 18.a3 Re8 19.f6 Bc5+ 20.Kh1 gxf6 21.exf6 e5 22.g5 hxg5
23.Qh5 Be3 24.Qh6 Nxf6 25.Rxf6 Bxd2 26.Raf1 Ra7 27.Bh3 Ree7 28.Bc1 Bxc1 29.Rxc1 Qf8
30.Qxg5+ Qg7 31.Qh4 e4 32.Rg1 Bg6 33.Bf5 e3 34.Bxg6 e2 35.Bxf7+ Rxf7 36.Rxg7+ Rxg7
37.Re6  1-0

[Event "36th MGU Open"]
[Site "Sofia BUL"]
[Date "2011.07.24"]
[Round "5.2"]
[White "Stoyanov,Tihomir"]
[Black "Borisov,L"]
[Result "1/2-1/2"]
[WhiteElo "2190"]
[BlackElo "1893"]

1.Nf3 d5 2.g3 c6 3.Bg2 Nf6 4.d3 g6 5.b3 Bg7 6.Bb2 O-O 7.O-O Nbd7 8.Nbd2 Re8
9.d4 a5 10.a4 h6 11.c4 e6 12.Re1 b6 13.e4 dxe4 14.Ne5 Bb7 15.Nxe4 Nxe4 16.Bxe4 Nxe5
17.dxe5 Qc7 18.c5 bxc5 19.Qc2 Qb6 20.Rac1 Rac8 21.Re3 c4 22.Qxc4 Bf8 23.Qc2 Kg7
24.Bc3 Ba3 25.Rd1 Red8 26.Red3 Rxd3 27.Rxd3 Rd8 28.Rxd8 Qxd8 29.Qd2 Qxd2
30.Bxd2 Bb4 31.Bxb4 axb4 32.f4 f5 33.exf6+ Kf7 34.Kf2  1/2-1/2

[Event "TCh-POR 1st Div"]
[Site "Torres Vedras POR"]
[Date "2011.07.24"]
[Round "2.5"]
[White "Neves,P"]
[Black "Marques,R"]
[Result "1/2-1/2"]
[WhiteElo "2198"]
[BlackElo "2135"]

1.Nf3 d5 2.g3 Nf6 3.Bg2 Bf5 4.d3 e6 5.Nbd2 Be7 6.O-O h6 7.Qe1 O-O 8.e4 Bh7
9.Qe2 c5 10.e5 Nfd7 11.Re1 Nc6 12.a3 b5 13.Nf1 b4 14.h4 bxa3 15.bxa3 Nb6
16.N1h2 Qc7 17.Bf4 Rfc8 18.Ng4 Nd4 19.Nxd4 cxd4 20.Rec1 Bf8 21.h5 Qd8 22.a4 a5
23.Bd2 Nd7 24.Nh2 Rab8 25.Ra2 Rb7 26.Nf3 Qb6 27.g4 Rbc7 28.Bf1 Nc5 29.Qe1 Nb7
30.Rb1 Qa7 31.Rbb2 Nc5 32.Rb5 Nd7 33.Rxa5 Qb8 34.Rb5 Qa7 35.Qb1 Rb8 36.Rxb8 Nxb8
37.a5 Bc5 38.Bb4 Bxb4 39.Qxb4 Nc6 40.Qb6 g6 41.hxg6 Bxg6 42.Rb2 Qxa5 43.Qxa5 Nxa5
44.Nxd4 Nc6 45.Nf3 f6 46.exf6 Kf7 47.Rb5 Kxf6 48.Rc5 Rc8 49.Kg2 Ne7 50.Rxc8 Nxc8
51.Kg3 Nd6 52.c3 e5 53.Nh4 Bh7 54.f3 Nb5 55.c4 dxc4 56.dxc4 Nd4 57.Ng2 Bg8
58.Ne3 Kg5 59.Bd3 Nb3 60.Bf5 Nc5 61.Bc2 Be6 62.Bf5 Bf7 63.Bc8 Bg8 64.Bf5 Bf7
65.Be4 Be6 66.Bd5 Bd7 67.Nd1 h5 68.gxh5 Kxh5 69.Nf2 Bf5 70.Be4 Be6 71.Bd5 Bf5
72.Nd1 Kg5 73.Nc3 Bd3 74.Nb5 Be2 75.Nd6 Bd3 76.Nb5 Be2 77.Kf2 Bxc4 78.Bxc4 e4
79.fxe4 Nxe4+ 80.Ke3 Nf6 81.Nd6 Ng4+ 82.Kd4 Nf6 83.Nf7+ Kf4 84.Ne5 Kg5 85.Be6 Nh5
86.Ng4  1/2-1/2

[Event "Helmut-Kohls-Turnier 2011"]
[Site "Dortmund GER"]
[Date "2011.07.25"]
[Round "4"]
[White "Nalbandian,T"]
[Black "Michalczak,T"]
[Result "1/2-1/2"]
[WhiteElo "2456"]
[BlackElo "2325"]

1.Nf3 d5 2.g3 Nf6 3.Bg2 c6 4.O-O Nbd7 5.d3 e5 6.Nbd2 Bd6 7.e4 O-O 8.b3 Re8
9.Bb2 Qc7 10.Nh4 g6 11.Qf3 a5 12.a3 b5 13.a4 Bb7 14.Rae1 bxa4 15.bxa4 Bb4
16.Re2 Ba6 17.c3 Bf8 18.exd5 cxd5 19.c4 Rab8 20.Ba1 d4 21.Ree1 Bb4 22.Qe2 Nc5
23.Nhf3 Nxa4 24.Nxe5 Rxe5 25.Qxe5 Qxe5 26.Rxe5 Bxd2 27.Bxd4 Rd8 28.Ba1 Rxd3
29.Rd1 Nc3 30.Rxd2 Rxd2 31.Bxc3 Rd1+ 32.Re1 Rxe1+ 33.Bxe1 Bxc4 34.Bxa5 Bd5
35.f3 Kf8 36.Bb4+ Ke8 37.Kf2 Kd7 38.Ke3 Bb7 39.Kd4 Ng4 40.h3 Nf6 41.Ke5 Nh5
42.Be1 f6+ 43.Kd4 Ke6 44.Ke3 Ng7 45.g4 h5 46.Bf1 g5 47.Bc3 hxg4 48.hxg4 Ne8
49.f4 Nd6 50.f5+ Nxf5+ 51.gxf5+ Kxf5 52.Bd3+ Kg4 53.Bxf6 Kg3 54.Bxg5 Kg2
55.Bf5 Kh1 56.Be6  1/2-1/2

[Event "4th Paleohora Open"]
[Site "Paleochora GRE"]
[Date "2011.07.25"]
[Round "7"]
[White "Lammens,Tim"]
[Black "Kohlweyer,B"]
[Result "0-1"]
[WhiteElo "2285"]
[BlackElo "2494"]

1.Nf3 d5 2.g3 g6 3.c4 e6 4.Bg2 Bg7 5.O-O Ne7 6.d4 Nbc6 7.cxd5 exd5 8.Bg5 f6
9.Bf4 O-O 10.Nc3 g5 11.Bd2 Be6 12.e3 Qd7 13.Rc1 b6 14.Qa4 a5 15.Rfd1 Rfd8
16.Ne1 Bg4 17.Bf3 Bxf3 18.Nxf3 Nb4 19.Qb3 Kh8 20.e4 Qg4 21.Nxd5 Nbxd5 22.exd5 Nxd5
23.Re1 Qf5 24.Kg2 Qd7 25.Re2 Re8 26.Rce1 Rxe2 27.Rxe2 c6 28.Qc2 Kg8 29.h3 h6
30.h4 Kf8 31.Qh7 Ne7 32.Re4 Qf5 33.Qxf5 Nxf5 34.Re6 g4 35.Ne1 Ne7 36.d5 Nxd5
37.Rxc6 Rd8 38.Bc3 Nxc3 39.Rxc3 f5 40.Rc6 Rd2 41.Nc2 Bxb2 42.Kf1 Be5 43.Ke1 Rd6
44.Rc8+ Kf7 45.Ne3 Bd4 46.Nxf5 Bxf2+ 47.Kxf2 Rf6 48.Kg2 Rxf5 49.Rc6 Rf6 50.Rc7+ Kg6
51.Rb7 Kf5 52.a4 Rc6 53.Rb8 Rc2+ 54.Kf1 Rb2 55.Rf8+ Ke5 56.Re8+ Kd4 57.h5 Rh2
58.Re6 Rxh5 59.Rxb6 Rf5+ 60.Kg2 h5 61.Rb8 Kc4 62.Rb7 Kd4 63.Rb8 Rc5 64.Rd8+ Ke3
65.Rb8 Rc4 66.Rb5 Rxa4 67.Rxh5 Ra2+ 68.Kg1 a4 69.Rh4 a3 70.Rxg4 Rb2 71.Ra4 a2
72.g4 Kf3 73.Ra3+ Ke4  0-1

[Event "Open Women ch-BUL"]
[Site "Vratsa BUL"]
[Date "2011.07.25"]
[Round "1"]
[White "Tsekova,V"]
[Black "Nikolova,A"]
[Result "0-1"]
[WhiteElo "1853"]
[BlackElo "2305"]

1.Nf3 d5 2.g3 c5 3.Bg2 Nc6 4.d4 Nf6 5.O-O cxd4 6.Nxd4 e6 7.c4 Bc5 8.Nb3 Bb6
9.cxd5 Nxd5 10.Na3 O-O 11.Nc4 Bc7 12.Bd2 a5 13.Ne3 Be5 14.Nxd5 exd5 15.Nc5 Bxb2
16.Rb1 Bf6 17.Bf4 Qe7 18.Qxd5 Nb4 19.Qc4 Bf5 20.Rbd1 Rad8 21.Nxb7 Rxd1 22.Rxd1 Re8
23.Nxa5 Qxe2 24.Qxe2 Rxe2 25.a3 Nc2 26.Bf1 Re6 27.Nc4 Nd4 28.Bg2 Bc2 29.Rf1 Bd3
30.Bd5 Ne2+ 31.Kh1 Nxf4 32.Bxe6 Bxf1 33.gxf4 fxe6  0-1

[Event "15th Godesburg Open"]
[Site "Bad Godesberg GER"]
[Date "2011.07.26"]
[Round "4.24"]
[White "Gerhards,B"]
[Black "Kautz,S"]
[Result "0-1"]
[WhiteElo "1791"]
[BlackElo "1995"]

1.Nf3 d5 2.g3 b6 3.Bg2 Bb7 4.O-O Nf6 5.d3 e6 6.Nbd2 Be7 7.c4 O-O 8.Qc2 Na6
9.a3 c5 10.Ne5 Nd7 11.Nxd7 Qxd7 12.e4 dxe4 13.dxe4 Rad8 14.Rd1 Bf6 15.Bf3 Bd4
16.Nb3 e5 17.Be3 Qe7 18.Qc1 Nb8 19.Bg2 f6 20.Qd2 Nc6 21.Qe2 Rd6 22.Rd2 Ba6
23.Rad1 Qe6 24.Bf1 Nd8 25.Nc1 Nf7 26.h4 Rdd8 27.b4 Nd6 28.b5 Bb7 29.f3 Rde8
30.Kh2 Bc8 31.Rc2 Qf7 32.Bg2 Bb7 33.Rf1 Bxe3 34.Qxe3 Nxc4 35.Qd3 Na5 36.Rd1 Bc8
37.Rcd2 Be6 38.Qc3 Qe7 39.Rd6 Nb7 40.R6d2 Rd8 41.Ne2 Rxd2 42.Qxd2 Rd8 43.Qc2 Kf7
44.Nc3 Rd4 45.f4 Na5 46.Nd5 Bxd5 47.exd5 Nb7 48.Rxd4 exd4 49.Qxh7 Nd6 50.Qh5+ Kg8
51.Qd1 Qe3 52.Qg4 c4 53.Qd7 c3 54.Qxd6 c2 55.Qc6 c1=Q 56.Qa8+ Kh7 57.d6 Qce1  0-1

[Event "Biel MTO Open"]
[Site "Biel SUI"]
[Date "2011.07.26"]
[Round "8"]
[White "Bauer,Ch"]
[Black "Al Sayed,Mohamad"]
[Result "0-1"]
[WhiteElo "2637"]
[BlackElo "2498"]

1.Nf3 d5 2.g3 Bg4 3.Bg2 Nd7 4.c4 e6 5.cxd5 exd5 6.O-O Ngf6 7.d3 Bc5 8.Nc3 c6
9.Qc2 O-O 10.h3 Bxf3 11.Bxf3 d4 12.Nb1 Bd6 13.Nd2 Ne5 14.Bg2 h5 15.Nb3 Qb6
16.a3 Ng6 17.Qc4 c5 18.Bd2 Qc7 19.Rac1 Rac8 20.Qb5 Qe7 21.e3 dxe3 22.Bxe3 Bxg3
23.Bxc5 Bd6 24.Qxb7 Bxc5 25.Rxc5 Qxb7 26.Bxb7 Rcd8 27.d4 Nf4 28.Kh2 Rfe8
29.Rf5 Ng6 30.Rb1 Re6 31.d5 Re4 32.Nc5 Rd4 33.Rg1 Rd2 34.b4 Re8 35.Ba6 Re5
36.Rf3 Nxd5 37.Nd3 Re4 38.Rc1 Ndf4 39.Rc8+ Kh7 40.Rc7 Ne6 41.Rxa7 Ng5 42.Rfxf7 Nxf7
43.Rxf7 Re3 44.a4 Rexd3 45.Bxd3 Rxd3 46.b5 Ne5 47.Re7 Nc4 48.Rc7 Rd4 49.Ra7 h4
50.Ra6 Rd2 51.Kg2 Rb2 52.Kf3 Rb4 53.Ra8 Nb6 54.Rf8 Nxa4 55.Rf4 Rxf4+ 56.Kxf4 Nc3
57.Kg5 Nxb5 58.f4 Nc3 59.Kxh4 Kg6 60.Kg4 Nd5 61.f5+ Kf6  0-1

[Event "8th World Teams"]
[Site "Ningbo CHN"]
[Date "2011.07.26"]
[Round "9"]
[White "Ivanchuk,V"]
[Black "Aronian,L"]
[Result "1/2-1/2"]
[WhiteElo "2768"]
[BlackElo "2805"]

1.Nf3 d5 2.g3 c6 3.Bg2 Bg4 4.c4 e6 5.O-O Nd7 6.cxd5 cxd5 7.Nc3 Ngf6 8.d3 a6
9.h3 Bh5 10.e4 d4 11.Ne2 Bxf3 12.Bxf3 e5 13.Bd2 Bd6 14.b4 O-O 15.Qb3 a5 16.bxa5 Bc7
17.Qxb7 Bxa5 18.Bg5 h6 19.Bxf6 Qxf6 20.Bg4 Nc5 21.Qb5 Qb6 22.Rfb1 Rfb8 23.Qc4 Qxb1+
24.Rxb1 Rxb1+ 25.Kg2 Bb6 26.Bh5 Ra7 27.a4 Rd7 28.Ng1 Rc7 29.Nf3 Rb2 30.Nxe5 g6
31.Qd5  1/2-1/2

[Event "Czech GM Open A"]
[Site "Pardubice CZE"]
[Date "2011.07.26"]
[Round "5.53"]
[White "Voloshin,L"]
[Black "Sakovich,I"]
[Result "1-0"]
[WhiteElo "2411"]
[BlackElo "2218"]

1.Nf3 d5 2.g3 Nf6 3.Bg2 Bf5 4.O-O e6 5.d3 Be7 6.Nbd2 h6 7.Qe1 O-O 8.e4 Bh7
9.Qe2 c5 10.b3 Nc6 11.Bb2 Rc8 12.e5 Nd7 13.c4 dxc4 14.dxc4 Qc7 15.Rfd1 Rfd8
16.Bc3 b6 17.Nf1 Nf8 18.Ne1 Rxd1 19.Rxd1 Rd8 20.Rxd8 Bxd8 21.Be4 Bxe4 22.Qxe4 Be7
23.Nd2 Nd7 24.Nd3 Nb4 25.Bxb4 cxb4 26.Kf1 g6 27.g4 Kg7 28.f4 Nc5 29.Nxc5 Bxc5
30.Ke2 Qd7 31.h3 a5 32.Qd3 Qxd3+ 33.Kxd3 Kf8 34.Ne4 Kg7 35.Nf6 Kf8 36.Ke4 Kg7
37.h4 Kf8 38.h5 gxh5 39.Nxh5 Ke7 40.Nf6 Kf8 41.f5 Bg1 42.Kf3 Bd4 43.Kf4 Bf2
44.Nh5 Bd4 45.Ke4 Bc5 46.Kf3 Bg1 47.Nf4 Ke7 48.Ke4 Bc5 49.Nh5 Kf8 50.Kf3 Bg1
51.Nf4 Ke7 52.Kg3 Bd4 53.Nd3 Kf8 54.Kh4 Be3 55.Kh5 Kg7 56.Ne1 Kh7 57.Nf3 Kg7
58.fxe6 fxe6 59.g5 Kh7 60.gxh6 Bxh6 61.Nd4 Bf4 62.Nxe6 Bxe5 63.Kg5 Kg8 64.Kf5 Bc3
65.Nd8 Kf8 66.Ke6 Bd4 67.Kd7 Bf2 68.Ne6+ Kf7 69.Nc7  1-0

[Event "Czech GM Open A"]
[Site "Pardubice CZE"]
[Date "2011.07.26"]
[Round "5.10"]
[White "Kovacevic,Bl"]
[Black "Jaracz,P"]
[Result "1/2-1/2"]
[WhiteElo "2480"]
[BlackElo "2575"]

1.g3 d5 2.Nf3 g6 3.Bg2 Bg7 4.d4 Nf6 5.O-O O-O 6.c4 c6 7.b3 Bf5 8.Bb2 a5 9.Nc3 Ne4
10.e3 Nxc3 11.Bxc3 Be4 12.Bh3 c5 13.Rc1 cxd4 14.Bxd4 Nc6 15.Bxg7 Kxg7 16.cxd5  1/2-1/2

[Event "Open Women ch-BUL"]
[Site "Vratsa BUL"]
[Date "2011.07.26"]
[Round "3"]
[White "Tsekova,V"]
[Black "Ivanova,Si"]
[Result "1-0"]
[WhiteElo "1853"]
[BlackElo "1914"]

1.Nf3 d5 2.g3 Nf6 3.Bg2 c6 4.O-O Bg4 5.d4 e6 6.Bf4 Bd6 7.Bxd6 Qxd6 8.Nbd2 O-O
9.c4 Nbd7 10.c5 Qc7 11.b4 Rfe8 12.Re1 e5 13.dxe5 Nxe5 14.Nxe5 Qxe5 15.Nf3 Qc3
16.Qd4 Qc2 17.Qd3 Qb2 18.a3 Bxf3 19.Bxf3 Ne4 20.Rab1 Qe5 21.Bxe4 dxe4 22.Qe3 Rad8
23.Red1 Rd5 24.Rd2 Red8 25.Rbd1 h6 26.f4 Qe6 27.Rxd5 Rxd5 28.Rxd5 Qxd5 29.Kf2 f5
30.Qc3 Kf7 31.Ke3 b6 32.Qd4 Qxd4+ 33.Kxd4 Ke6 34.a4 bxc5+ 35.Kxc5 Kd7 36.a5 Kc7
37.b5 cxb5 38.Kxb5 g5 39.e3 gxf4 40.gxf4 h5 41.h4 a6+ 42.Kxa6 Kc6 43.Ka7 Kc7
44.a6 Kc8 45.Kb6 Kb8 46.a7+ Ka8 47.Kc5 Kxa7 48.Kd5 Kb6 49.Ke5 Kc5 50.Kxf5 Kd5
51.Kf6 Kc4 52.Ke5 Kd3 53.f5 Kxe3 54.f6 Kd3 55.f7 e3 56.f8=Q e2 57.Qb4 Kc2
58.Qe1  1-0

[Event "Biel MTO Open"]
[Site "Biel SUI"]
[Date "2011.07.27"]
[Round "9"]
[White "Gutman,L"]
[Black "Paikidze,N"]
[Result "1/2-1/2"]
[WhiteElo "2451"]
[BlackElo "2416"]

1.Nf3 d5 2.g3 c6 3.Bg2 Bg4 4.O-O Nd7 5.d4 e6 6.c4 Ngf6 7.Ne5 Nxe5 8.dxe5 Nd7
9.cxd5 cxd5 10.Nc3 Be7 11.Qa4 Bh5 12.Be3 O-O 13.g4 Bg6 14.f4 f5 15.exf6 Nxf6
16.h3 Kh8 17.Rad1 a6 18.f5 b5 19.Qb3 Bf7 20.fxe6 Bxe6 21.g5 Nd7 22.Rxf8+ Nxf8
23.Bxd5 Bxg5 24.Bf2 Qe8 25.Ne4 Qg6 26.Nxg5 Qxg5+ 27.Qg3 Qxg3+ 28.Bxg3 Rd8
29.e4 Bxh3 30.Bh4 Rb8 31.Be7 Ng6 32.Bd6 Re8 33.Rc1 h6 34.Rc6 Be6 35.Bg3 Bxd5
36.exd5 Ne7 37.Rxa6 Nxd5 38.Ra5 Nb4 39.a3 Nd3 40.Rxb5 Ra8 41.Kg2 Nxb2 42.Rxb2 Rxa3
43.Rb7 Ra5 44.Kf3 Kh7 45.Ke4 Rg5 46.Bf4 Rg1  1/2-1/2

[Event "15th Godesburg Open"]
[Site "Bad Godesberg GER"]
[Date "2011.07.28"]
[Round "6.23"]
[White "Gross,Ha"]
[Black "Eckermann,J"]
[Result "1/2-1/2"]
[WhiteElo "1811"]
[BlackElo "1914"]

1.Nf3 d5 2.g3 Nf6 3.Bg2 e6 4.d3 Be7 5.O-O O-O 6.Nbd2 c5 7.Re1 Nc6 8.e4 Re8
9.Qe2 dxe4 10.dxe4 Nd4 11.Nxd4 cxd4 12.e5 Nd5 13.Be4 f5 14.exf6 Nxf6 15.Bg2 Qc7
16.Nc4 Bd6 17.Nxd6 Qxd6 18.Bf4 Qb6 19.b3 Bd7 20.a4 Bc6 21.Be5 Bxg2 22.Kxg2 Rac8
23.Rac1 Rc3 24.Red1 Rd8 25.Rd3  1/2-1/2